Molecular evolution : (Record no. 233292)
[ view plain ]
| 000 -LEADER | |
|---|---|
| fixed length control field | 00996cam a2200277 a 4500 |
| 001 - CONTROL NUMBER | |
| control field | 2350924 |
| 003 - CONTROL NUMBER IDENTIFIER | |
| control field | Nust |
| 005 - DATE AND TIME OF LATEST TRANSACTION | |
| control field | 20170306151434.0 |
| 008 - FIXED-LENGTH DATA ELEMENTS--GENERAL INFORMATION | |
| fixed length control field | 830809s1984 maua b 000 0 eng |
| 010 ## - LIBRARY OF CONGRESS CONTROL NUMBER | |
| LC control number | 83017541 |
| 020 ## - INTERNATIONAL STANDARD BOOK NUMBER | |
| International Standard Book Number | 978-0-86542-889-8 |
| 040 ## - CATALOGING SOURCE | |
| Original cataloging agency | DLC |
| Transcribing agency | ASAB |
| Modifying agency | DLC |
| 050 00 - LIBRARY OF CONGRESS CALL NUMBER | |
| Classification number | QH371 |
| Item number | .M75 1984 |
| 082 00 - DEWEY DECIMAL CLASSIFICATION NUMBER | |
| Classification number | 578 PAG |
| Edition number | 19 |
| 245 00 - TITLE STATEMENT | |
| Title | Molecular evolution : |
| Remainder of title | an annotated reader / |
| Statement of responsibility, etc. | [edited by] E.A. Terzaghi, A.S. Wilkins, D. Penny. |
| 260 ## - PUBLICATION, DISTRIBUTION, ETC. | |
| Place of publication, distribution, etc. | Boston : |
| Name of publisher, distributor, etc. | Jones and Bartlett, |
| Date of publication, distribution, etc. | c1984. |
| 300 ## - PHYSICAL DESCRIPTION | |
| Extent | xiii, 346 p. : |
| Other physical details | ill. ; |
| Dimensions | 29 cm. |
| 490 1# - SERIES STATEMENT | |
| Series statement | A Series of books in biology |
| 504 ## - BIBLIOGRAPHY, ETC. NOTE | |
| Bibliography, etc. note | Bibliography: p. 373-388. |
| 650 #0 - SUBJECT ADDED ENTRY--TOPICAL TERM | |
| Topical term or geographic name entry element | Molecular evolution. |
| 700 1# - ADDED ENTRY--PERSONAL NAME | |
| Personal name | Terzaghi, E. A. |
| Fuller form of name | (Eric A.), |
| Dates associated with a name | 1936- |
| 700 1# - ADDED ENTRY--PERSONAL NAME | |
| Personal name | Wilkins, A. S. |
| Fuller form of name | (Adam S.), |
| Dates associated with a name | 1945- |
| 700 1# - ADDED ENTRY--PERSONAL NAME | |
| Personal name | Penny, D. |
| Fuller form of name | (David), |
| Dates associated with a name | 1938- |
| 830 #0 - SERIES ADDED ENTRY--UNIFORM TITLE | |
| Uniform title | Series of books in biology (Jones and Bartlett) |
| 906 ## - LOCAL DATA ELEMENT F, LDF (RLIN) | |
| a | 7 |
| b | cbc |
| c | orignew |
| d | 1 |
| e | ocip |
| f | 19 |
| g | y-gencatlg |
| 942 ## - ADDED ENTRY ELEMENTS (KOHA) | |
| Source of classification or shelving scheme | |
| Koha item type | Book |
| Withdrawn status | Lost status | Source of classification or shelving scheme | Damaged status | Not for loan | Collection code | Permanent Location | Current Location | Date acquired | Total Checkouts | Full call number | Barcode | Date last seen | Price effective from | Koha item type |
|---|---|---|---|---|---|---|---|---|---|---|---|---|---|---|
| Atta-ur-Rahman School of Applied Biosciences (ASAB) | Atta-ur-Rahman School of Applied Biosciences (ASAB) | 03/06/2017 | 578 PAG | ASAB3137 | 03/09/2017 | 03/06/2017 | Book |
